000 01018nas a2200337 4500
001 BR0504401
003 BR-BrBNA
005 20231205105623.0
007 ta
008 230509b bl.|||p| |||| 00| 00por d
040 _aBR-BrBNA
_bpor
_cBiblioteca Nacional de Agricultura
041 _a(Pt)
072 _aL51
100 1 _aGomes, P.C.
100 1 _aRunho, R.C.
100 1 _aD'Agostini, P.
100 1 _aRostagno, H.S.
100 1 _aAlbino, L.F.T.
100 1 _aLopes, P.S.
245 1 _aExigência de fósforo disponível para frangos de corte machos e fêmeas de 22 a 42 e 43 a 53 dias de idade
650 _aFRANGO DE CORTE
650 _aVALOR NUTRITIVO
650 _aFÓSFORO
650 _aCÁLCIO
650 _aDIETA
650 _aPERFORMANCE
650 _aEXIGÊNCIA NUTRICIONAL
773 0 _tRevista Brasileira de Zootecnia (Brazil)
_xISSN 1516-3598
_g(Nov-Dec 2004), v. 33(6)(Suplemento 1) p. 1734-1746
_wBR0504401
909 _a202311
_bLúcia
_c55
_dLúcia Elande
942 _2AGRIS
_n0
_cANA
999 _c183820
_d183820